[Event "Pozarevac Rudar IM 14th"]
[Site "Pozarevac"]
[Date "2023.07.27"]
[Round "2"]
[White "Spasic, Petar"]
[Black "Geivondian, Arman"]
[Result "1/2-1/2"]
[WhiteElo "2317"]
[BlackElo "2306"]
[PlyCount "66"]
[EventDate "2023.07.26"]
[EventType "tourn"]
[EventRounds "9"]
[EventCountry "SRB"]
[EventCategory "1"]
[SourceTitle "CBM 215 Extra"]
[Source "ChessBase"]
[SourceDate "2023.09.30"]
[SourceVersion "1"]
[SourceVersionDate "2023.09.30"]
[SourceQuality "1"]

1. e4 c6 2. d4 d5 3. e5 c5 4. dxc5 e6 5. a3 Bxc5 6. b4 Bb6 7. Qg4 Ne7 8. Qxg7 Rg8 9. Qxh7 Bd4 10. Ra2 Bxe5 11. Nf3 Bf6 12. Bb2 Bxb2 13. Rxb2 Qd6 14. c4 Nd7 15. cxd5 Nf6 16. Qh6 Nexd5 17. Rc2 Bd7 18. Nc3 Ke7 19. Nxd5+ Qxd5 20. Qe3 a5 21. Bc4 Qh5 22. Ne5 Rac8 23. Be2 Qg5 24. Rxc8 Qxe3 25. fxe3 Rxc8 26. Nxd7 Rc1+ 27. Bd1 Nxd7 28. bxa5 Rc3 29. Kd2 Rxa3 30. Bf3 Rxa5 31. Bxb7 Ra2+ 32. Kc3 Ra3+ 33. Kd2 Ra2+ 1/2-1/2

[Event "Paracin op 16th"]
[Site "Paracin"]
[Date "2023.07.12"]
[Round "6"]
[White "Pranesh, M."]
[Black "Spasic, Petar"]
[Result "1/2-1/2"]
[WhiteElo "2507"]
[BlackElo "2303"]
[PlyCount "70"]
[EventDate "2023.07.07"]
[EventType "swiss"]
[EventRounds "9"]
[EventCountry "SRB"]
[SourceTitle "EXT 2024"]
[Source "ChessBase"]
[SourceDate "2023.10.10"]
[SourceVersion "1"]
[SourceVersionDate "2023.10.10"]
[SourceQuality "1"]

1. e4 c5 2. Nf3 Nc6 3. d4 cxd4 4. Nxd4 Nf6 5. Nc3 d6 6. Bg5 e6 7. Qd2 a6 8. 0-0-0 Bd7 9. f3 Qc7 10. Kb1 b5 11. Nxc6 Bxc6 12. Bd3 Be7 13. g4 h6 14. Be3 Nd7 15. Qf2 Nc5 16. h4 Rc8 17. Ne2 Bb7 18. Nf4 g6 19. c3 Bf6 20. Bc2 Bg7 21. h5 g5 22. Ne2 Be5 23. Rhf1 b4 24. Bxc5 Qxc5 25. Qxc5 dxc5 26. cxb4 cxb4 27. Ba4+ Kf8 28. Rd7 Rc7 29. Rxc7 Bxc7 30. Rc1 Bb6 31. Bc6 Bc8 32. Be8 Bb7 33. Bc6 Bc8 34. Be8 Bb7 35. Bc6 Bc8 1/2-1/2

[Event "EU-ch 23rd"]
[Site "Vrnjacka Banja"]
[Date "2023.03.09"]
[Round "7"]
[White "Spasic, Petar"]
[Black "Stalmach, Richard"]
[Result "0-1"]
[WhiteElo "2298"]
[BlackElo "2436"]
[PlyCount "116"]
[EventDate "2023.03.03"]
[EventType "swiss"]
[EventRounds "11"]
[EventCountry "SRB"]
[SourceTitle "CBM 213"]
[Source "ChessBase"]
[SourceDate "2023.04.30"]
[SourceVersion "1"]
[SourceVersionDate "2023.04.30"]
[SourceQuality "1"]

1. e4 c5 2. Nf3 d6 3. Bd3 Nc6 4. c3 Bg4 5. 0-0 a6 6. a4 g6 7. Na3 Bg7 8. Nc4 Nf6 9. h3 Bxf3 10. Qxf3 0-0 11. Bc2 b5 12. Ne3 Qd7 13. Qe2 Rab8 14. d3 b4 15. Bd2 d5 16. a5 Rfd8 17. Rfd1 Qe6 18. Bb3 bxc3 19. Bxd5 Nxd5 20. exd5 Rxd5 21. bxc3 Rd7 22. Ra3 Rb3 23. Rxb3 Qxb3 24. Qf1 h5 25. Rb1 Qa2 26. Nc4 Qc2 27. Rb6 Ne5 28. Nxe5 Bxe5 29. Qe1 Bc7 30. Rc6 Qxd3 31. Rxc5 Qd6 32. Qe3 Qh2+ 33. Kf1 Qh1+ 34. Ke2 Qxg2 35. c4 Qh1 36. Be1 Rd6 37. Rxc7 Re6 38. Rxe7 Rxe3+ 39. Rxe3 Qc6 40. Kd3 Qd7+ 41. Kc2 Kh7 42. Kb3 g5 43. Bc3 Qb7+ 44. Ka3 Qg2 45. Rg3 Qe4 46. Kb3 Kg6 47. Bd2 f6 48. Be3 Qb1+ 49. Kc3 h4 50. Rg4 Qh1 51. c5 Qxh3 52. Rc4 Qc8 53. c6 h3 54. Kb2 h2 55. Rc1 Qc7 56. Bb6 Qe5+ 57. Ka3 Qd6+ 58. Kb2 Qd2+ 0-1

[Event "EU-ch 23rd"]
[Site "Vrnjacka Banja"]
[Date "2023.03.03"]
[Round "1"]
[White "Bernadskiy, Vitaliy"]
[Black "Spasic, Petar"]
[Result "1-0"]
[WhiteElo "2611"]
[BlackElo "2298"]
[PlyCount "103"]
[EventDate "2023.03.03"]
[EventType "swiss"]
[EventRounds "11"]
[EventCountry "SRB"]
[SourceTitle "CBM 213"]
[Source "ChessBase"]
[SourceDate "2023.04.30"]
[SourceVersion "1"]
[SourceVersionDate "2023.04.30"]
[SourceQuality "1"]

1. e4 c5 2. Nf3 d6 3. d4 cxd4 4. Nxd4 Nf6 5. Nc3 Nc6 6. Bc4 e6 7. Bb3 a6 8. Be3 Bd7 9. f4 Be7 10. 0-0 0-0 11. f5 Nxd4 12. Bxd4 Rc8 13. Qd3 Kh8 14. Rad1 Qa5 15. Kh1 Rc6 16. Rde1 Rfc8 17. Qh3 e5 18. Be3 Rxc3 19. bxc3 Nxe4 20. Bxf7 Rxc3 21. Be6 Bc6 22. Qh5 Nf6 23. Qd1 Qa4 24. Bd2 Qxc2 25. Bb3 Qb2 26. Re2 Rd3 27. Bc4 Rd4 28. Qc1 Qxc1 29. Rxc1 d5 30. Bxa6 Ba3 31. Rc2 Ne4 32. Be1 Rd1 33. Kg1 Nc5 34. Re3 Bb4 35. Bf1 Bxe1 36. Rxc5 Bb4 37. Rc2 Kg8 38. Kf2 e4 39. Rb3 Bd6 40. Bb5 d4 41. Bxc6 bxc6 42. Rxc6 e3+ 43. Kf3 Rf1+ 44. Ke2 Rf2+ 45. Ke1 Bxh2 46. Rb7 h5 47. f6 Kh7 48. Rxg7+ Kh6 49. Rd7 Kg5 50. f7 d3 51. Rd5+ Kh4 52. Rc4+ 1-0

[Event "Pozarevac Rudar 5th"]
[Site "Pozarevac"]
[Date "2022.08.24"]
[Round "3"]
[White "Spasic, Petar"]
[Black "Sahib, Singh"]
[Result "1-0"]
[WhiteElo "2321"]
[BlackElo "1937"]
[PlyCount "105"]
[EventDate "2022.08.22"]
[EventType "tourn"]
[EventRounds "9"]
[EventCountry "SRB"]
[SourceTitle "CBM 209 Extra"]
[Source "ChessBase"]
[SourceDate "2022.09.30"]
[SourceVersion "1"]
[SourceVersionDate "2022.09.30"]
[SourceQuality "1"]

1. Nf3 d5 2. g3 c6 3. Bg2 Bg4 4. Ne5 Bf5 5. d4 Nd7 6. 0-0 e6 7. Nd2 Nxe5 8. dxe5 f6 9. exf6 Nxf6 10. c4 Be7 11. Qb3 Qb6 12. a4 Qxb3 13. Nxb3 e5 14. cxd5 cxd5 15. f4 e4 16. Be3 Ng4 17. Bd4 Bf6 18. h3 Bxd4+ 19. Nxd4 Ne3 20. Rfc1 Bd7 21. Rc7 Rb8 22. Kf2 Nxg2 23. Kxg2 Ke7 24. a5 Kd6 25. Rac1 Rhc8 26. Rxc8 Bxc8 27. Nb5+ Ke7 28. Rc5 a6 29. Nd4 Kd6 30. Rc3 h5 31. Rb3 Kc5 32. e3 Bd7 33. f5 b5 34. axb6 Rxb6 35. Rxb6 Kxb6 36. g4 hxg4 37. hxg4 Kc5 38. Kg3 a5 39. Kf4 Kc4 40. b3+ Kd3 41. Ne6 Kd2 42. Nxg7 d4 43. f6 dxe3 44. f7 e2 45. f8Q e1Q 46. Qd6+ Kc2 47. Qxd7 Kxb3 48. Nf5 Qb4 49. Nd4+ Kc4 50. Nc6 Qc5 51. Kxe4 Kb3 52. Nxa5+ Qxa5 53. Qd5+ 1-0